| 000 | 00968nac a22003137a 4500 | ||
|---|---|---|---|
| 001 | BR0301199 | ||
| 003 | BR-BrBNA | ||
| 005 | 20240105122753.0 | ||
| 008 | 230509b bl.|||m| |||| 00| 0 por d | ||
| 040 |
_aBR-BrBNA _bpor _cBiblioteca Nacional de Agricultura |
||
| 072 | _aF01; F02 | ||
| 090 | _a1123 BR0301199 | ||
| 100 | 1 | _aMelo, M.B. de | |
| 100 | 1 | _aTavares, E.D. | |
| 110 | 1 | _aEMBRAPA Tabuleiros Costeiros, Aracuju, SE (Brasil) | |
| 245 | 1 | _aMaracujá - amarelo: recomendações para a produção de mudas | |
| 260 | 3 |
_aAracaju, SE (Brasil): _c2001. |
|
| 300 | _a24 p. | ||
| 490 |
_aCircular Técnica - EMBRAPA Tabuleiros Costeiros (Brazil) _vno. 24 _xISSN 1517-1329 |
||
| 500 | _a5 illus.; 34 ref. | ||
| 650 | _aMARACUJÁ | ||
| 650 | _aMUDA | ||
| 650 | _aPROPAGAÇÃO VEGETATIVA | ||
| 650 | _aSEMENTE | ||
| 650 | _aDOENÇA DE PLANTA | ||
| 650 | _aPRAGA DE PLANTA | ||
| 909 |
_a202312 _bLúcia Elande _c55 _dLúcia Elande |
||
| 942 |
_2AGRIS _n0 _cMS |
||
| 999 |
_c292743 _d292743 |
||